000 00768nam a22002417a 4500
003 UA-OsUOA
001 130420
007 ta
008 20180423b un ||||| |||| 00| 0 ukr d
100 _aКолода В. В.
090 _a904:63(477.5)
_bК61
942 _cBK
040 _aUA-OsUOA
_bukr
_cUA-OsUOA
_dUA-OsUOA
245 _aСільське господарство населення Хозарського каганату в лісостеповій зоні
_bмонографія
300 _a170 с.
955 _a1
041 _aukr
080 _a904:63(477.5)
020 _a978-966-360-347-6
260 _aК.
_bАкадемперіодика
_c2018
650 7 _a9 Географія. Біографії. Історія
_2UDC
999 _c418451
_d418451